ბათუმის შოთა რუსთაველის სახელმწიფო უნივერსიტეტის ბიბლიოთეკა

კულტურის სოციოლოგიური კვლევის მეთოდიკა : (ბიბ.ჩანაწერი № 38308)

000 -ლიდერი
ფიქსირებული სიგრძის საკონტროლო ველი 00973nam a2200217Ia 4500
001 - საკონტროლო ნომერი
საკონტროლო ველი 4318
003 - საკონტროლო ნომრის იდენტიფიკატორი
საკონტროლო ველი GE_BSU
005 - ბოლო ოპერაციის თარიღი და დრო
საკონტროლო ველი 20191004153306.0
008 - ფიქსირებული სიგრძის მონაცემთა ელემენტები - ზოგადი ინფორმაცია
ფიქსირებული სიგრძის საკონტროლო ველი 181216s1985||||ge |||||||||||||| ||geo||
040 ## - კატალოგიზაციის წყარო
Transcribing agency GE_BSU
041 ## - ენის კოდი
Language code of text/sound track or separate title geo
080 ## - უნივერსალური ათობითი კლასიფიკაციის ინდექსი
Universal Decimal Classification number 008+316.7 ლ–31
100 ## - მთავარი ჩანაწერი - პიროვნების სახელი
Personal name ლომთათიძე, ჭოლა
9 (RLIN) 3931
245 ## - ცნობა სათაურის შესახებ
Title კულტურის სოციოლოგიური კვლევის მეთოდიკა :
Remainder of title სოციოლოგიური კვლევის გამოცდილება /
Statement of responsibility, etc ჭოლა ლომთათიძე; რედ. დ. ქერქაძე.
264 ## - წარმოების, გამოცემის, დისტრიბუციის და სხვა ცნობები
გამოცემის, წარმოების, დისტრიბუციის... ადგილი თბ. :
გამოცემის, წარმოების, დისტრიბუციის... სახელწოდება მეცნიერება,
გამოცემის, წარმოების, დისტრიბუციის... თარიღი 1985.
300 ## - ფიზიკური აღწერა
Extent 57 გვ. ;
Other physical details 20 სმ.
653 ## - INDEX TERM--UNCONTROLLED
Uncontrolled term კულტურის სოციოლოგია;
700 ## - ADDED ENTRY--PERSONAL NAME
Personal name ქერქაძე, დ.
Relator term რედაქტორი
9 (RLIN) 3560
711 ## - ADDED ENTRY--MEETING NAME
Meeting name or jurisdiction name as entry element ფილოსოფიის ინ-ტი
9 (RLIN) 4527
942 ## - ADDED ENTRY ELEMENTS (KOHA)
Koha item type წიგნი
Source of classification or shelving scheme
ეგზემპლარები
ჩამოწერის სტატუსი დაკარგული ეგზემპლარის სტატუსი კლასიფიკაციის წყარო ან თაროზე გაწყობის სქემა დაზიანების სტატუსი არ გაიცემა მუდმივი მდებარეობა (დაცვის ადგილი) ამჟამინდელი ადგილსამყოფელი თაროზე განთავსების ადგილი შეძენის თარიღი ღირებულება, შესყიდვის ნორმალური ფასი სრული შენახვის შიფრი შტრიხკოდი ბოლო ოპერაციის თარიღი ეგზემპლარის მიმდევრობითი ნომერი (კეტერი?) ფასის ძალაში შესვლის თარიღი ეგზემპლარის სახეობა საჯარო შენიშვნა
          ბათუმის შოთა რუსთაველის სახელმწიფო უნივერსიტეტის მთავარი ბიბლიოთეკა ბათუმის შოთა რუსთაველის სახელმწიფო უნივერსიტეტის მთავარი ბიბლიოთეკა წიგნსაცავი 2018-12-17 0.80 008+316.7 ლ–31 5886 2018-12-17 5886 2018-12-17 წიგნი 0.80 თ.